[Event "British Universities-ch"]
[Site "Chess.com INT"]
[Date "2022.03.05"]
[Round "6.1"]
[White "Olivari, Simon"]
[Black "Rowe, Ethan"]
[Result "0-1"]
[WhiteElo "1489"]
[BlackElo "1855"]
[PlyCount "66"]
[EventDate "2022.03.05"]
[EventType "swiss"]
[EventRounds "9"]
[EventCountry "ENG"]
[SourceTitle "EXT 2023"]
[Source "ChessBase"]
[SourceDate "2022.10.05"]
[SourceVersion "1"]
[SourceVersionDate "2022.10.05"]
[SourceQuality "1"]
[WhiteTeam "Kent"]
[BlackTeam "Reading"]
[WhiteTeamCountry "ENG"]
[BlackTeamCountry "ENG"]

1. e4 c5 2. a3 e6 3. b4 cxb4 4. axb4 Bxb4 5. c3 Be7 6. d4 Nf6 7. e5 Nd5 8. Bd3 Nc6 9. Nf3 0-0 10. 0-0 d6 11. Re1 dxe5 12. Nxe5 Nxe5 13. Rxe5 Bf6 14. Rh5 g6 15. Rh3 Qc7 16. Bh6 Rd8 17. Qd2 e5 18. Bg5 Bxg5 19. Qxg5 Bxh3 20. gxh3 Nxc3 21. Nd2 Rxd4 22. Bf1 Rad8 23. Nf3 Rd1 24. Rxd1 Rxd1 25. Nxe5 Rd5 26. f4 Nd1 27. Qh6 Qc5+ 28. Kh1 Ne3 29. Nf3 Nxf1 30. Ng5 Rxg5 31. fxg5 Ne3 32. Qh4 Qd5+ 33. Kg1 Qg2# 0-1

[Event "British Universities-ch"]
[Site "Chess.com INT"]
[Date "2022.03.05"]
[Round "8.1"]
[White "Rowe, Ethan"]
[Black "Smith, George1111"]
[Result "0-1"]
[WhiteElo "1855"]
[BlackElo "1580"]
[PlyCount "60"]
[EventDate "2022.03.05"]
[EventType "swiss"]
[EventRounds "9"]
[EventCountry "ENG"]
[SourceTitle "EXT 2023"]
[Source "ChessBase"]
[SourceDate "2022.10.05"]
[SourceVersion "1"]
[SourceVersionDate "2022.10.05"]
[SourceQuality "1"]
[WhiteTeam "Reading"]
[BlackTeam "Imperial"]
[WhiteTeamCountry "ENG"]
[BlackTeamCountry "ENG"]

1. Nf3 f5 2. d4 Nf6 3. Nc3 e6 4. Bg5 Bb4 5. a3 Bxc3+ 6. bxc3 0-0 7. e3 b6 8. Bc4 d5 9. Bb3 Nbd7 10. 0-0 c5 11. c4 Qe8 12. cxd5 Nxd5 13. dxc5 Bb7 14. cxb6 N7xb6 15. Qd2 Qg6 16. e4 fxe4 17. Ne5 Qf5 18. Nc4 Nxc4 19. Bxc4 Rac8 20. Bb3 Qg4 21. h3 Qh5 22. Be3 Rf6 23. Bxa7 Rg6 24. Kh2 Rf8 25. Be3 Rff6 26. Rg1 Bc8 27. a4 Nxe3 28. Qxe3 Rh6 29. Qxe4 Rxf2 30. a5 Qxh3# 0-1

[Event "British Universities-ch"]
[Site "Chess.com INT"]
[Date "2022.03.05"]
[Round "4.1"]
[White "Wallace, Owen"]
[Black "Rowe, Ethan"]
[Result "0-1"]
[WhiteElo "1367"]
[BlackElo "1855"]
[PlyCount "94"]
[EventDate "2022.03.05"]
[EventType "swiss"]
[EventRounds "9"]
[EventCountry "ENG"]
[SourceTitle "EXT 2023"]
[Source "ChessBase"]
[SourceDate "2022.10.05"]
[SourceVersion "1"]
[SourceVersionDate "2022.10.05"]
[SourceQuality "1"]
[WhiteTeam "Swansea"]
[BlackTeam "Reading"]
[WhiteTeamCountry "WLS"]
[BlackTeamCountry "ENG"]

1. d4 Nf6 2. Nf3 e6 3. Bf4 c5 4. e3 d5 5. c4 cxd4 6. Nxd4 Bb4+ 7. Nc3 0-0 8. Qb3 Bd6 9. Bxd6 Qxd6 10. Bd3 dxc4 11. Bxc4 a6 12. a4 Nbd7 13. Rd1 Qc7 14. h3 b6 15. 0-0 Bb7 16. Rd2 Nc5 17. Qa2 Rac8 18. Rc1 Qe5 19. Rdc2 Qg5 20. Bf1 Nd3 21. Ne4 Nxc1 22. Nxg5 Nxa2 23. Rc6 Bxc6 24. Bxa6 Rc7 25. Ndxe6 fxe6 26. Nxe6 Rcf7 27. Bc4 Bd5 28. Nxf8 Kxf8 29. Bb5 Ne4 30. f3 Nd6 31. Bd3 Bb3 32. e4 Nb4 33. Be2 Bxa4 34. e5 Nf5 35. g4 Nd4 36. Kf2 Nxe2 37. Kxe2 Bc6 38. Kd2 Rxf3 39. h4 Ke7 40. g5 Ke6 41. h5 Kxe5 42. g6 hxg6 43. hxg6 Kd4 44. b3 Rf2+ 45. Kc1 Kd3 46. Kb1 Kc3 47. Ka1 Rf1# 0-1